[Event "MTO"]
[Site "Biel SUI"]
[Date "2007.07.28"]
[Round "6"]
[White "Zenklusen,R"]
[Black "Meijers,V"]
[Result "1-0"]
[WhiteElo "2392"]
[BlackElo "2483"]

1.e4 c5 2.Nf3 e6 3.d4 cxd4 4.Nxd4 a6 5.Bd3 d6 6.O-O Nd7 7.c4 Ngf6 8.Qe2 g6
9.Nc3 Bg7 10.Nf3 Ng4 11.Rd1 O-O 12.Bf4 Nge5 13.Rac1 Qc7 14.b3 b6 15.Bb1 Nxf3+
16.Qxf3 Ne5 17.Qe3 Rd8 18.h3 Bd7 19.Bg5 f6 20.Bh4 Qc5 21.Qxc5 dxc5 22.Rd6 Nc6
23.Na4 Nd4 24.Nxb6 Be8 25.Rxd4 cxd4 26.Nxa8 Rxa8 27.Bd3 a5 28.f3 Bc6 29.Be1 f5
30.a3 Kf7 31.Kf1 Kf6 32.Rc2 fxe4 33.fxe4 Bh6 34.Bg3 Be3 35.Ke2 g5 36.b4 Ba4
37.Rb2 Bc1 38.Rb1 Bxa3 39.b5 Bb4 40.Bc7 e5 41.Ra1 Bb3 42.b6 a4 43.b7 Rh8
44.Rb1 a3 45.Rxb3 a2 46.Rb1  1-0

[Event "MTO"]
[Site "Biel SUI"]
[Date "2007.07.31"]
[Round "8"]
[White "Klundt,K"]
[Black "Meijers,V"]
[Result "0-1"]
[WhiteElo "2375"]
[BlackElo "2483"]

1.e4 c5 2.Nf3 e6 3.d4 cxd4 4.Nxd4 a6 5.Bd3 d6 6.O-O Nd7 7.Nc3 Ngf6 8.Kh1 g6
9.f4 Bg7 10.Qe2 O-O 11.Nf3 Qc7 12.a4 b6 13.Bd2 Bb7 14.Rae1 Nc5 15.Qf2 d5
16.e5 Nfe4 17.Bxe4 dxe4 18.Ng5 h6 19.Ngxe4 Nxe4 20.Nxe4 Qxc2 21.Nf6+ Bxf6
22.exf6 Qxb2 23.Rb1 Qxf6 24.Rxb6 Bd5 25.Bc1 Qf5 26.Qh4 Rfc8  0-1

[Event "Open NK"]
[Site "Dieren NED"]
[Date "2007.07.31"]
[Round "7"]
[White "Bitalzadeh,A"]
[Black "De Jong,M"]
[Result "1/2-1/2"]
[WhiteElo "2390"]
[BlackElo "2286"]

1.e4 c5 2.Nf3 e6 3.d4 cxd4 4.Nxd4 a6 5.Bd3 Ne7 6.O-O Nbc6 7.Nb3 b5 8.a4 b4
9.c4 Ng6 10.f4 d6 11.Be3 Be7 12.N1d2 O-O 13.Qh5 Bf6 14.Nf3 e5 15.Ng5 Bxg5
16.fxg5 Be6 17.Qf3 Rc8 18.Qg3 Re8 19.h4 Nf4 20.Bxf4 exf4 21.Rxf4 Ne5 22.Rc1 Qb6+
23.Kh1 Bxc4 24.Bxc4 Rxc4 25.Rcf1 Ng6 26.a5 Qd8 27.Rxf7 Rcxe4 28.h5 Rh4+ 29.Kg1 Rxh5
30.Nd4 Rxg5 31.Qb3 d5 32.Qxb4 Rxg2+ 33.Kxg2 Qg5+ 34.Kh1 Qh4+ 35.Kg1 Qg3+
36.Kh1 Qh3+ 37.Kg1 Qg3+ 38.Kh1 Qh3+ 39.Kg1 Qg3+ 40.Kh1 Qh3+  1/2-1/2

[Event "Open NK"]
[Site "Dieren NED"]
[Date "2007.08.02"]
[Round "9"]
[White "Barua,D"]
[Black "De Jong,M"]
[Result "1-0"]
[WhiteElo "2462"]
[BlackElo "2286"]

1.e4 c5 2.Nf3 e6 3.d4 cxd4 4.Nxd4 a6 5.Bd3 Ne7 6.O-O Nec6 7.Nb3 Be7 8.Nc3 d6
9.Be3 Nd7 10.f4 b5 11.Qf3 Bb7 12.Qh3 Nb4 13.Nd4 Nxd3 14.cxd3 b4 15.Nce2 Nc5
16.Rad1 Qd7 17.Qg3 g6 18.Nc1 f5 19.Ndb3 O-O 20.Na5 Rac8 21.Nxb7 Qxb7 22.exf5 exf5
23.Qf2 Qd5 24.Qe1 a5 25.Bxc5 Qxc5+ 26.d4 Qc7 27.Qe6+ Kg7 28.Nb3 Rce8 29.Qd5 a4
30.Rc1 Qb6 31.Rc6 Qa7 32.Nd2 Bf6 33.Nf3 Re4 34.Rxd6 Rf7 35.g3 a3 36.b3 Rfe7
37.Rf2 Qc7 38.Kg2 Qc1 39.Ne5 Bxe5 40.dxe5 Re1 41.Rd8 Kh6 42.Kh3 Qe3 43.Qd4 Rc7
44.Qxe3 Rxe3 45.Rd4 Rb7 46.Kg2 g5 47.fxg5+ Kxg5 48.Rd6 Re4 49.h4+ Kg4 50.Rf6 Rxe5
51.Rf4+ Kh5 52.Kh3  1-0

[Event "Jihlavanka Cup GMB"]
[Site "Olomouc CZE"]
[Date "2007.08.02"]
[Round "2"]
[White "Haznedaroglu,K"]
[Black "Kanovsky,D"]
[Result "1-0"]
[WhiteElo "2440"]
[BlackElo "2410"]

1.e4 c5 2.Nf3 e6 3.d4 cxd4 4.Nxd4 a6 5.Bd3 Qc7 6.O-O Nf6 7.Qe2 d6 8.c4 Nbd7
9.Nc3 Be7 10.Be3 b6 11.Rac1 Bb7 12.Rfd1 O-O 13.f3 Kh8 14.b4 Rg8 15.f4 Rge8
16.h3 Rac8 17.Nf3 Qb8 18.Qf2 d5 19.exd5 exd5 20.Nxd5 Nxd5 21.cxd5 Rxc1 22.Bxc1 Bxb4
23.Qh4 h6 24.Bb2 f6 25.Qh5 Bc5+ 26.Kh1 Re3 27.Qf5 Nf8 28.Bc1 Re7 29.Bc2 Bc8
30.Qd3 Bd7 31.Nh4 Qe8 32.Bd2 Qh5 33.Qg3 Re2 34.f5 Bf2 35.Qf3 Qxf3 36.Nxf3 Bb5
37.Bb3 Nd7 38.d6 Bc5 39.Bf4 Bc6 40.Nh4 Kh7 41.Be5 Re4 42.Bg3 Re2 43.Kh2 h5
44.Rd3 Kh6 45.Bf4+ Kh7 46.Bf7 Bf2 47.Bg3 Bc5 48.Bxh5 Rxa2 49.Bf7 Re2 50.Bf4 a5
51.Rg3 a4 52.Rg4 Ne5 53.Bxe5 fxe5  1-0

[Event "ch-ISL"]
[Site "Reykjavik ISL"]
[Date "2007.08.02"]
[Round "6"]
[White "Kjartansson,D"]
[Black "Ptacnikova,L"]
[Result "1-0"]
[WhiteElo "2324"]
[BlackElo "2239"]

1.e4 c5 2.Nf3 e6 3.d4 cxd4 4.Nxd4 a6 5.Bd3 Nf6 6.O-O Qc7 7.Kh1 d6 8.f4 g6
9.Nc3 Bg7 10.Qf3 O-O 11.f5 Nc6 12.Nxc6 bxc6 13.Bg5 Rb8 14.Qh3 Rxb2 15.Qh4 Nd7
16.f6 Bh8 17.Qh6 Qa5 18.Nd1 Rxa2 19.Rxa2 Qxa2 20.e5 dxe5 21.Ne3 Qa5 22.Ng4 e4
23.Qh5 Rd8 24.Nh6+ Kf8 25.Qh4 Ne5 26.Bxe4 Rd4 27.Be3 Ra4 28.Qf4 Ke8 29.h3 Nd7
30.Ng4 Qb4 31.Qc7 Qb7 32.Qd6 Qb4 33.Qxc6 Kd8 34.Rd1 Qc4 35.Bb6+ Ke8 36.Qd6 Qb4
37.Qc6 Qc4 38.Ne5 Qxc6 39.Bxc6 Rb4 40.Nxd7  1-0

[Event "Valoz Cup GMA"]
[Site "Olomouc CZE"]
[Date "2007.08.04"]
[Round "5"]
[White "Malinovsky,K"]
[Black "Ismagambetov,An"]
[Result "1/2-1/2"]
[WhiteElo "2334"]
[BlackElo "2479"]

1.e4 c5 2.Nf3 e6 3.d4 cxd4 4.Nxd4 a6 5.Bd3 d6 6.O-O Nd7 7.c4 g6 8.Nc3 Bg7
9.Be3 Ngf6 10.Rc1 O-O 11.f3 Re8 12.Qd2 b6 13.Rfd1 Bb7 14.Bh6 Qc7 15.Bxg7 Kxg7
16.Bf1 Rad8 17.Qf2 Qb8 18.Rd2 Ne5 19.Nc2 Qc7 20.Rcd1 Bc6 21.b3 Nh5 22.Nb4 f5
23.exf5 gxf5 24.Nxc6 Qxc6 25.Qd4 Kf7 26.Kh1 Rg8 27.Qe3 Nf6 28.Ne2 Rd7 29.Nd4 Qa8
30.f4 Qe4 31.Re2 Qxe3 32.Rxe3 Neg4 33.Rf3 Ne4 34.Kg1 Rc8 35.h3 Ngf6 36.Re3 Rc5
37.g4 fxg4 38.hxg4 e5 39.Ne2 exf4 40.Nxf4 Rg5 41.Bg2 Rxg4 42.Nd5 Nxd5 43.Rxd5 Nf6
44.Rf5 Kg7 45.Kf1 Rg6 46.Bf3 Rc7 47.Re6 Ng8 48.Re8 Ne7 49.Rf4 Rf6 50.Rxf6 Kxf6
51.Rb8 b5 52.cxb5 axb5 53.Rxb5 Rc1+ 54.Kf2 Rc2+ 55.Ke3 Rxa2 56.Be4 Rh2 57.b4 h5
58.Kf3 Rh3+ 59.Kf2 Rb3 60.Rxh5 Rxb4 61.Bd3 d5 62.Ke3 Ke6 63.Rh6+ Ke5 64.Rh5+ Kd6
65.Kd2 Rg4 66.Be2 Rg3 67.Rh6+ Kc5 68.Rf6 Kd4 69.Rf4+ Ke5 70.Rf3 Rg2 71.Re3+ Kd6
72.Kd3 Rh2 73.Bg4 Nc6 74.Re6+ Kc5 75.Re2 Rh4 76.Bd7 Nb4+ 77.Kd2 Rh7 78.Bf5 Ra7
79.Ke3 Ra3+ 80.Kf4 Ra1 81.Kg3 d4 82.Re8 Rf1 83.Be4 Kc4 84.Rc8+ Kb3 85.Kg2 Rf4
86.Bh7 d3 87.Bxd3 Nxd3 88.Kg3 Rf5 89.Kg4 Rd5 90.Kf3 Nc5 91.Ke3 Kc4 92.Rc7 Re5+
93.Kf4 Re8 94.Ra7 Kd4 95.Kf3 Re3+ 96.Kf4 Nd3+ 97.Kf5 Rf3+ 98.Kg4 Rf8 99.Ra4+ Ke3
100.Ra3 Kd4 101.Ra4+ Kd5 102.Ra5+ Nc5 103.Ra1 Kd4 104.Rd1+ Ke5 105.Ra1 Rg8+
106.Kf3 Nb3 107.Re1+ Kf5 108.Re7 Nd4+ 109.Ke3 Nc6 110.Rc7 Rg3+ 111.Kf2 Rc3
112.Ke1 Ke4 113.Kd2 Rc5 114.Rc8 Kd4 115.Rc7 Ke4 116.Rc8 Rd5+ 117.Ke2 Nd4+
118.Kf2 Rf5+ 119.Kg2 Kf4 120.Ra8 Rb5 121.Ra2 Rb4 122.Rf2+ Kg4 123.Rf8 Nf5
124.Rg8+ Kf4 125.Ra8 Rb2+ 126.Kh3 Rb3+ 127.Kh2 Rb7 128.Ra4+ Kf3 129.Ra8 Rf7
130.Ra3+ Ne3 131.Rb3 Ra7 132.Kg1 Ra2 133.Rd3 Re2 134.Ra3 Kg3 135.Ra1 Rb2
136.Rc1 Nc2 137.Rd1 Nd4  1/2-1/2

[Event "ch-AUT"]
[Site "Tweng AUT"]
[Date "2007.08.04"]
[Round "1"]
[White "Alvir,A"]
[Black "Natter,S"]
[Result "1-0"]
[WhiteElo "2375"]
[BlackElo "2236"]

1.e4 c5 2.Nf3 e6 3.d4 cxd4 4.Nxd4 a6 5.Bd3 Ne7 6.c4 Nec6 7.Nxc6 Nxc6 8.O-O Bc5
9.Nc3 Qh4 10.Na4 Bd4 11.g3 Qe7 12.Qe2 d6 13.Be3 e5 14.Nb6 Rb8 15.Rac1 O-O
16.Nd5 Qe8 17.Bc2 Bh3 18.Rfd1 Qe6 19.Ba4 Bxe3 20.Qxe3 f5 21.exf5 Bxf5 22.c5 Nd4
23.Bb3 Nxb3 24.Qxb3 dxc5 25.Ne7+ Kh8 26.Qxe6 Bxe6 27.Rxc5 Rf7 28.Nd5 Rd7
29.Ne3 Rxd1+ 30.Nxd1 Bxa2 31.Rxe5 Rc8 32.Ne3 h6 33.Re7 b5 34.b4 Rc6 35.h4 Bb1
36.g4 Kh7 37.f4 Kg8 38.f5 Ba2 39.Kf2 Kf8 40.Ra7 Rd6 41.g5 hxg5 42.hxg5 Bb3
43.Kg3 Rd4 44.Ra8+ Kf7 45.Ng4 Re4 46.g6+ Ke7 47.Ra7+ Kf8 48.f6 Ke8  1-0

[Event "XVIII Kochan Mem"]
[Site "Koszalin POL"]
[Date "2007.08.05"]
[Round "1"]
[White "Sharapov,E"]
[Black "Warakomska,A"]
[Result "1/2-1/2"]
[WhiteElo "2437"]
[BlackElo "2135"]

1.e4 c5 2.Nf3 e6 3.d4 cxd4 4.Nxd4 a6 5.Bd3 Nf6 6.O-O Qc7 7.Qe2 d6 8.c4 Nbd7
9.Nf3 Be7 10.Nc3 O-O 11.Bf4 Ne5 12.Nxe5 dxe5 13.Be3 b6 14.a3 Bc5 15.Bxc5 Qxc5
16.b4 Qc7 17.Qe3 Bb7 18.Rfd1 Rfd8 19.Rd2 Rd4 20.Rad1 Rad8 21.f3 Kf8 22.Ne2 R4d7
23.Nc1 Bc6 24.Bc2 Ng8 25.Kf2 Ne7 26.Ne2 Nc8 27.Nc3 Nd6 28.Bd3 Bb7 29.Be2 Nc8
30.a4 h6 31.Rxd7 Rxd7 32.Rxd7 Qxd7 33.a5 bxa5 34.bxa5 Ne7 35.Nb5 axb5 36.cxb5 Qd4
37.a6 Bxa6 38.Qxd4 exd4 39.bxa6 Nc6 40.e5 Ke7 41.f4 Kd8 42.Bb5 Na7 43.Ba4 Kc7
44.Be8 f6 45.Bf7 fxe5 46.fxe5 Nc6 47.Bxe6 Nxe5 48.Ke2 Kb6 49.Bc8 Ka7 50.Bb7 Kb6
51.Kd2 Ka7 52.h4 Kb6 53.h5 g6 54.hxg6 Nxg6  1/2-1/2

[Event "Open"]
[Site "Olomouc CZE"]
[Date "2007.08.05"]
[Round "5"]
[White "Sikora Lerch,J"]
[Black "Hradecky,I"]
[Result "1/2-1/2"]
[WhiteElo "2280"]
[BlackElo "2086"]

1.e4 c5 2.Nf3 e6 3.d4 cxd4 4.Nxd4 a6 5.Bd3 Bc5 6.Nb3 Ba7 7.Qg4 Nf6 8.Qg3 Nc6
9.e5 Nh5 10.Qh3 g6 11.g4 Ng7 12.f4 d6 13.Qh6 O-O  1/2-1/2

[Event "Valoz Cup GMA"]
[Site "Olomouc CZE"]
[Date "2007.08.05"]
[Round "6"]
[White "Ismagambetov,An"]
[Black "Bernasek,J"]
[Result "1-0"]
[WhiteElo "2479"]
[BlackElo "2517"]

1.e4 c5 2.Nf3 e6 3.d4 cxd4 4.Nxd4 a6 5.Bd3 Bc5 6.Nb3 Be7 7.Be3 d6 8.Qe2 Nf6
9.N1d2 Nbd7 10.f4 e5 11.f5 d5 12.O-O-O d4 13.Bf2 a5 14.a4 Nc5 15.Nxc5 Bxc5
16.g4 h6 17.Bg3 Qe7 18.Bb5+ Bd7 19.Nf3 Nxg4 20.h3 Nf6 21.Nxe5 O-O 22.Nxd7 Nxd7
23.Qh2 Nb6 24.Be5 f6 25.Bxd4 Rad8 26.Qf2 Rxd4 27.Rxd4 Nc8 28.Qd2 Bxd4 29.Qxd4 Nd6
30.Bd3 Kh8 31.Qc5 Qe5 32.Qxe5 fxe5 33.Rg1 Rf6 34.c3 g6 35.Bc2 gxf5 36.exf5 e4
37.Rf1 Rxf5 38.Rxf5 Nxf5 39.Bxe4 Nd6 40.Bd5 Kg7 41.b4 b6 42.Kd2 Kf6 43.Kd3 Ke5
44.Bc6 Nf7 45.bxa5 bxa5 46.Kc4 Kd6 47.Bg2 Ne5+ 48.Kb5 Nd3 49.Bf3 Nf4 50.h4 Ng6
51.h5 Ne5 52.Be4 Nd7 53.c4 Nc5 54.Bf5 Nb3 55.Bg6 Nd4+ 56.Kb6 Ne6 57.Bf5  1-0

[Event "ch-Tula"]
[Site "Tula RUS"]
[Date "2007.08.05"]
[Round "3"]
[White "Yagupov,I"]
[Black "Aleshin,N"]
[Result "1-0"]
[WhiteElo "2494"]
[BlackElo "2254"]

1.e4 c5 2.Nf3 e6 3.d4 cxd4 4.Nxd4 a6 5.Bd3 Bc5 6.Nb3 Ba7 7.O-O Nc6 8.Qe2 e5
9.Be3 Nge7 10.Bxa7 Rxa7 11.c4 d6 12.Rd1 Ng6 13.Qe3 b6 14.Nc3 Nb4 15.Nd5 Nxd5
16.cxd5 Nf4 17.Bf1 Ra8 18.Rac1 Bd7 19.Nd4 Nxg2 20.Bxg2 exd4 21.Qxd4 f6 22.Qb4 Qb8
23.Qc3 O-O 24.Qc7 Ra7 25.Qxb8 Rxb8 26.f4 Rc8 27.Rxc8+ Bxc8 28.Rc1 Bd7 29.Kf2 Kf7
30.Bf1 b5 31.Ke3 Ke7 32.Bd3 Kd8 33.Kd4 Be8 34.e5 fxe5+ 35.fxe5 dxe5+ 36.Kxe5 Re7+
37.Kd4 h6 38.Rc3 Rf7 39.d6 Rf2 40.Ra3 Kc8 41.Be4 Rd2+ 42.Ke5 Re2 43.Rxa6 g5
44.Ra8+ Kd7 45.Ra7+ Kd8 46.Kd4 Rf2 47.Kc5 Bh5 48.Bc6 Rc2+ 49.Kb6 Bg4 50.Ra8+ Bc8
51.d7  1-0

[Event "ch-AUT"]
[Site "Tweng AUT"]
[Date "2007.08.05"]
[Round "2"]
[White "Neubauer,M"]
[Black "Ganaus,H"]
[Result "1/2-1/2"]
[WhiteElo "2456"]
[BlackElo "2303"]

1.e4 c5 2.Nf3 e6 3.d4 cxd4 4.Nxd4 a6 5.Bd3 Qc7 6.O-O Nf6 7.Qe2 d6 8.c4 g6
9.Nc3 Bg7 10.Be3 O-O 11.Rac1 Nbd7 12.b3 b6 13.f3 Bb7 14.Rfd1 Rac8 15.Qf2 Qb8
16.Bf1 Rfd8 17.b4 Ba8 18.Nb3 Bf8 19.a3 Qb7 20.Na4 Rb8 21.Nc3 Qc7  1/2-1/2

[Event "FSIMA August"]
[Site "Budapest HUN"]
[Date "2007.08.06"]
[Round "1"]
[White "Izso,D"]
[Black "Strunski,A"]
[Result "1/2-1/2"]
[WhiteElo "2200"]
[BlackElo "2203"]

1.e4 c5 2.Nf3 e6 3.d4 cxd4 4.Nxd4 a6 5.Bd3 Bc5 6.Nb3 Ba7 7.Qe2 Nc6 8.Be3 d6
9.O-O Nge7 10.c4 O-O 11.Nc3 e5 12.Bxa7 Rxa7 13.Rfd1 Ng6 14.Qe3 Nf4 15.Nd5 Ne6
16.Qb6 a5 17.Qxd8 Rxd8 18.Nc1 Nc5 19.Ne2 Be6 20.Nec3 Bxd5 21.cxd5 Nd4 22.f3 a4
23.Kf2 Ra5 24.Ne2 Nxe2 25.Bxe2 Kf8 26.Rab1 Rda8 27.b4 axb3 28.axb3 Ra3 29.b4 Nb3
30.Rb2 Ke7 31.Rd3 Nd4 32.Rxa3 Rxa3 33.b5 Kd8 34.b6 g6 35.Bc4 Rc3 36.Bf1 Ra3
37.Bc4 f5 38.Ra2 Rxa2+ 39.Bxa2 f4 40.Bc4 g5 41.g3 Nc2 42.gxf4 gxf4 43.Bd3  1/2-1/2

[Event "IM"]
[Site "Dubna RUS"]
[Date "2007.08.06"]
[Round "8"]
[White "Kovtunenko,A"]
[Black "Ozolin,M"]
[Result "1/2-1/2"]
[WhiteElo "2293"]
[BlackElo "2406"]

1.e4 c5 2.Nf3 e6 3.d4 cxd4 4.Nxd4 a6 5.Bd3 Nf6 6.Be3 Qc7 7.Nd2 d5 8.c4 dxe4
9.Nxe4 Nxe4 10.Bxe4 Bb4+ 11.Bd2 Bxd2+ 12.Qxd2 O-O 13.O-O Nd7 14.Rac1 Nf6
15.Bb1 e5 16.Ne2 Be6 17.Rc3 Rad8 18.Qc2 Rd7 19.Ng3 g6 20.Qc1 Kg7 21.Rf3 h6
22.Rxf6 Kxf6 23.Qxh6 Ke7 24.Qg5+ f6 25.Qxg6 Qxc4 26.Ne4 Qe2 27.Ng3 Qg4 28.Qc2 Qc4
29.Qh7+ Rf7 30.Qg8 Rd8 31.Qg6 Rd2 32.b3 Qg4 33.Qh6 Rd1 34.Bg6 Bd5 35.Nf5+ Kd7
36.Ne3 Rxf1+ 37.Kxf1 Qd4 38.Bxf7 Qa1+ 39.Ke2 Qxa2+ 40.Ke1 Qb1+ 41.Kd2 Qb2+
42.Nc2 Bxf7 43.Qg7 Qxb3 44.Qxf6 Qd5+ 45.Kc1 Be6 46.Qg7+ Kc8 47.h4 Qe4 48.Qf8+ Kd7
49.h5 Bf5 50.Qf7+ Kd6 51.Qf8+ Kc6 52.Qe8+ Kb6 53.Qd8+ Ka7 54.Qd2 Qxg2 55.Qe3+ Ka8
56.Qxe5 Qxf2 57.Qe8+ Ka7 58.Qe3+ Qxe3+ 59.Nxe3 Bh7 60.h6 b5 61.Nd5 a5 62.Nf6 Bg6
63.h7 Bxh7 64.Nxh7 Kb6 65.Kb2 b4 66.Ng5 a4 67.Ne4 Kb5 68.Nc3+ bxc3+ 69.Kxc3 a3
70.Kb3 a2 71.Kxa2  1/2-1/2

[Event "Ave-Kontakt Cup IMC"]
[Site "Olomouc CZE"]
[Date "2007.08.06"]
[Round "8"]
[White "Biolek,R1"]
[Black "Ni,V"]
[Result "1-0"]
[WhiteElo "2250"]
[BlackElo "2147"]

1.e4 c5 2.Nf3 e6 3.d4 cxd4 4.Nxd4 a6 5.Bd3 Bc5 6.Nb3 Ba7 7.Nc3 Nc6 8.Qe2 d6
9.Be3 e5 10.O-O-O Nge7 11.Bc4 b5 12.Bd5 Nxd5 13.exd5 Ne7 14.f4 Bg4 15.Qxg4 Bxe3+
16.Kb1 O-O 17.fxe5 dxe5 18.Qe4 Bg5 19.h4 Bf6 20.g4 Ng6 21.g5 Be7 22.d6 Bxg5
23.hxg5 Qxg5 24.d7 f5 25.Qd5+ Kh8 26.Rhg1 Qh4 27.Rxg6 hxg6 28.Rh1 Qxh1+ 29.Qxh1+ Kg8
30.Qd5+ Kh8 31.Qxe5  1-0

[Event "Tsiolkovsky Mem"]
[Site "Kaluga RUS"]
[Date "2007.08.07"]
[Round "5"]
[White "Tologontegin,S"]
[Black "Lisenkov,N"]
[Result "1-0"]
[WhiteElo "2320"]
[BlackElo "2107"]

1.e4 c5 2.Nf3 e6 3.d4 cxd4 4.Nxd4 a6 5.Bd3 Nc6 6.Nb3 Nf6 7.O-O d5 8.exd5 Nxd5
9.Be4 Be7 10.c4 Nf6 11.Bxc6+ bxc6 12.Qf3 Bd7 13.Be3 O-O 14.Nc3 Qc7 15.Na4 e5
16.Bb6 Qc8 17.Rfe1 Bd6 18.Qg3 Re8 19.Rad1 Bb8 20.Bc5 Bc7 21.Nb6 Bxb6 22.Bxb6 e4
23.Bd4 Nh5 24.Qh4 g6 25.Nc5 Qd8 26.Rxe4 Qxh4 27.Rxh4 Bf5 28.g4 Bc2 29.Rd2 Nf4
30.Be3 g5 31.Rxc2 gxh4 32.Bxf4 h3 33.Kf1 Rad8 34.Rd2 Rxd2 35.Bxd2 Re5 36.Be3 h5
37.Bd4 Rg5 38.Ne4 Ra5 39.Nf6+ Kf8 40.gxh5 Rxa2 41.h6 Ra4 42.Bc5+  1-0

[Event "Tsiolkovsky Mem"]
[Site "Kaluga RUS"]
[Date "2007.08.07"]
[Round "5"]
[White "Amonatov,F"]
[Black "Dvalishvili,P"]
[Result "1/2-1/2"]
[WhiteElo "2598"]
[BlackElo "2472"]

1.e4 c5 2.Nf3 e6 3.d4 cxd4 4.Nxd4 a6 5.Bd3 Qc7 6.O-O Nf6 7.Qe2 d6 8.c4 Nc6
9.Nxc6 Qxc6 10.b3 Be7 11.Bb2 e5 12.Nc3 Bg4 13.f3 Bd7 14.Kh1 O-O 15.f4 Bg4
16.Qe3 exf4 17.Rxf4 Qd7 18.Raf1 Nh5 19.Qd4 Nxf4 20.Rxf4 f6 21.Nd5 Be6 22.Nb6 Qc6
23.Nxa8 Rxa8 24.Rf1 Re8 25.h3 Bf7 26.Be2 Bd8 27.Bf3 Bb6 28.Qd2 Qc5 29.Rd1 Bc7
30.Bd4 Qa3 31.Bg1 h6 32.Bh2 b5 33.cxb5 axb5 34.Be2 Ra8 35.Ra1 Ba5 36.Qc2 Bb4
37.Qc6 Bc5 38.Bf3 Rb8 39.Rd1 Qxa2 40.Bxd6 Bxd6 41.Qxd6 Re8 42.b4 Qb2 43.Qc5 Bc4
44.Bh5 Ra8 45.Bg6 Kh8 46.Kh2 Qe2 47.Rd7 Rg8 48.Qd6 Qf2 49.Rd8 Qa2 50.Rb8 Bf1
51.Rxg8+ Qxg8 52.Qe7 Qb8+ 53.Kg1 Bc4 54.Qc5 Qa8 55.Qd6 Bg8 56.Kh2 Bh7 57.Bxh7 Kxh7
58.e5 fxe5 59.Qd3+ e4 60.Qxb5 Qf8 61.Kg1 e3 62.Qd3+ Kh8 63.Qxe3 Qxb4  1/2-1/2

[Event "Agentura 64 Cup IMB"]
[Site "Olomouc CZE"]
[Date "2007.08.07"]
[Round "9"]
[White "Kulovana,E"]
[Black "Dauletova,G"]
[Result "1/2-1/2"]
[WhiteElo "2276"]
[BlackElo "2210"]

1.e4 c5 2.Nf3 e6 3.d4 cxd4 4.Nxd4 a6 5.Bd3 Bc5 6.Nb3 Be7 7.O-O d6 8.Qg4 g6
9.Qe2 Nd7 10.Na3 Qc7 11.Nc4 b6 12.a4 Bb7 13.f4 h5 14.Be3 Ngf6 15.a5 b5 16.Nb6 Rd8
17.Nxd7 Rxd7 18.Bb6 Qb8 19.Rae1 h4 20.e5 dxe5 21.fxe5 Nd5 22.Qf2 Bg5 23.Nc5 Nxb6
24.Nxd7 Nxd7 25.Qxf7+ Kd8 26.Qxe6 Qa7+ 27.Kh1 h3 28.Be4 hxg2+ 29.Bxg2 Bxg2+
30.Kxg2 Qb7+ 31.Kg1 Be7 32.h3 Rh5 33.Kh2 Bh4 34.Rd1 Bg3+ 35.Kxg3 Rg5+ 36.Kf4 Rf5+
37.Ke3 Rxf1 38.Rxf1 Qg2 39.Rd1 Qg3+ 40.Kd2 Qf4+ 41.Ke2 Qe4+ 42.Kd2 Qf4+ 43.Ke2 Qe4+
44.Kd2  1/2-1/2

[Event "ch-AUT"]
[Site "Tweng AUT"]
[Date "2007.08.07"]
[Round "4"]
[White "Schachinger,M"]
[Black "Natter,S"]
[Result "1-0"]
[WhiteElo "2284"]
[BlackElo "2236"]

1.e4 c5 2.Nf3 e6 3.d4 cxd4 4.Nxd4 a6 5.Bd3 Ne7 6.O-O Nec6 7.Nxc6 Nxc6 8.f4 b5
9.Be3 Bb7 10.Nd2 Nb4 11.Nf3 Rc8 12.c3 Nxd3 13.Qxd3 Rc4 14.Nd2 Rc7 15.Bb6 Bc5+
16.Bxc5 Rxc5 17.Qd4 Rh5 18.Qxg7 Rf8 19.Rae1 f6 20.Rf2 Qb6 21.Qg3 Rh6 22.Qe3 Qxe3
23.Rxe3 Rg8 24.Nb3 d6 25.Nd4 Kd7 26.Rd2 Rh4 27.e5 Rxf4 28.exd6 Bd5 29.b3 Rgg4
30.Nxe6 Rf5 31.Nc5+ Kxd6 32.Nxa6 Rgf4 33.Re1  1-0

[Event "Tsiolkovsky Mem"]
[Site "Kaluga RUS"]
[Date "2007.08.08"]
[Round "6"]
[White "Fedorov,O"]
[Black "Shestoperov,A"]
[Result "1/2-1/2"]
[WhiteElo "2222"]
[BlackElo "2397"]

1.e4 c5 2.Nf3 e6 3.d4 cxd4 4.Nxd4 a6 5.Bd3 Nf6 6.O-O Qc7 7.Kh1 d6 8.c4 b6
9.Nc3 Bb7 10.Qe2 Nbd7 11.f4 Be7 12.Bd2 g6 13.Rae1 e5 14.Nd5 Nxd5 15.exd5 O-O
16.Nf3 Bf6 17.fxe5 Nxe5 18.Nxe5 Bxe5  1/2-1/2

[Event "ch-Euro Rapid Women"]
[Site "Predeal ROM"]
[Date "2007.08.08"]
[Round "4"]
[White "Peptan,C"]
[Black "Genova,Ly"]
[Result "1-0"]
[WhiteElo "2411"]
[BlackElo "2221"]

1.e4 c5 2.Nf3 e6 3.d4 cxd4 4.Nxd4 a6 5.Bd3 Bc5 6.Nb3 Ba7 7.O-O Ne7 8.Kh1 e5
9.Nc3 Nbc6 10.Bc4 b5 11.Bd5 O-O 12.Bg5 Qe8 13.Qd2 Bb7 14.Rad1 Rc8 15.a3 Ba8
16.Be3 Bxe3 17.Qxe3 b4 18.axb4 Nxb4 19.Bxa8 Rxa8 20.Qd2 Ra7 21.Na4 Qb8 22.c3 Nbc6
23.Nbc5 Rd8 24.Qd6 Qxd6 25.Rxd6 Nc8 26.Rd2 Kf8 27.Rfd1 Ke7 28.b4 d6 29.Nb3 Rdd7
30.Kg1 Rdc7 31.Kf1 Nd8 32.Na5 Nb7 33.Rd5 Ke6 34.f3 f5 35.exf5+ Kxf5 36.Nxb7 Rcxb7
37.Ke2 Rb5 38.Nb2 Rc7 39.Rxb5 axb5 40.Kd3 Ra7 41.Kc2 Ke6 42.Kb3 Nb6 43.Rd2 Ra1
44.c4 bxc4+ 45.Nxc4 Rb1+ 46.Nb2 d5 47.Ka2 Rh1 48.h3 d4 49.Rc2  1-0

[Event "12th WY U16 Ol"]
[Site "Singapore SIN"]
[Date "2007.08.08"]
[Round "6"]
[White "Nitin,S"]
[Black "Yilmazyerli,M"]
[Result "1-0"]
[WhiteElo "2313"]
[BlackElo "2071"]

1.e4 c5 2.Nf3 e6 3.d4 cxd4 4.Nxd4 a6 5.Bd3 Nc6 6.Nxc6 dxc6 7.O-O e5 8.Nd2 Bd6
9.Nc4 Bc7 10.a4 Be6 11.Be3 Nf6 12.Qf3 Nd7 13.Qg3 O-O 14.f4 Bxc4 15.Bxc4 exf4
16.Bxf4 Bxf4 17.Rxf4 Ne5 18.Bb3 Qd4+ 19.Kh1 Qxb2 20.Raf1 Rae8 21.Qf2 Re7
22.Qc5 Ng6 23.Rf5 b5 24.axb5 cxb5 25.h4 Rd7 26.h5 Nh8 27.Be6 Rdd8 28.Qe7 Qd4
29.h6 Qd2 30.Rg5  1-0

[Event "FSIMB August"]
[Site "Budapest HUN"]
[Date "2007.08.09"]
[Round "4"]
[White "Cooke,E"]
[Black "Balog,M"]
[Result "0-1"]
[WhiteElo "2213"]
[BlackElo "2262"]

1.e4 c5 2.Nf3 e6 3.d4 cxd4 4.Nxd4 a6 5.Bd3 Bc5 6.Nb3 Be7 7.Nc3 d6 8.a4 b6
9.O-O Nd7 10.f4 Qc7 11.Kh1 Ngf6 12.Be3 O-O 13.Qf3 g6 14.Rae1 Bb7 15.Qh3 d5
16.exd5 Nxd5 17.Nxd5 Bxd5 18.Nd4 Nc5 19.Nf3 Nxd3 20.cxd3 Bxf3 21.Qxf3 Qd6
22.Qf2 b5 23.axb5 axb5 24.Rd1 Rfd8 25.h3 Bf6 26.Bc5 Qd5 27.b4 Bd4 28.Bxd4 Qxd4
29.Qe1 Ra4 30.Rb1 Qxd3 31.Ra1 Qc4 32.Rb1 Rc8 33.Qd2 Ra2 34.Qd6 Qe4 35.Rg1 Rxg2
36.Rxg2 Qxb1+ 37.Kh2 Qc1 38.Ra2 Qc4 39.Rd2 h5 40.Kg3 Qe4 41.Kh2 Rc1 42.Rg2 Kg7
43.Qd2 Rf1 44.Rf2 Qh1+ 45.Kg3 Rg1+ 46.Rg2 Qxg2+  0-1

[Event "XVIII Kochan Mem"]
[Site "Koszalin POL"]
[Date "2007.08.09"]
[Round "5"]
[White "Palosz,A"]
[Black "Warakomska,A"]
[Result "1/2-1/2"]
[WhiteElo "2153"]
[BlackElo "2135"]

1.e4 c5 2.Nf3 e6 3.d4 cxd4 4.Nxd4 a6 5.Bd3 Nf6 6.O-O Qc7 7.Qe2 d6 8.c4 g6
9.Nc3 Bg7 10.Be3 O-O 11.Rac1 Nbd7 12.f4 b6 13.Kh1 Bb7 14.b4 Rac8 15.Nb3 Qb8
16.c5 bxc5 17.bxc5 dxc5 18.e5 Ng4 19.Qxg4 c4 20.Bc2 cxb3 21.Bxb3 Nc5 22.Bc4 Rfd8
23.Qe2 Qa8 24.Rfd1 Bf8 25.Rxd8 Rxd8 26.h4 Ne4 27.Kh2 Nxc3 28.Rxc3  1/2-1/2

[Event "Scandinavian Chess Tournament"]
[Site "Taby SWE"]
[Date "2007.08.09"]
[Round "8"]
[White "Yu Yangyi"]
[Black "Couso,L"]
[Result "1/2-1/2"]
[WhiteElo "2205"]
[BlackElo "2358"]

1.e4 c5 2.Nf3 e6 3.d4 cxd4 4.Nxd4 a6 5.Bd3 Bc5 6.Nb3 Ba7 7.O-O Nc6 8.Qe2 d6
9.Be3 Nge7 10.Nc3 e5 11.f4 exf4 12.Rxf4 Ng6 13.Rf2 O-O 14.Raf1 Be6 15.Bxa7 Rxa7
16.Bc4 Ra8 17.Bxe6 fxe6 18.Qc4 Qe7 19.Nd4 Nxd4 20.Qxd4 Rxf2 21.Rxf2 Rc8 22.Nd1 Ne5
23.Ne3 h6 24.h3 Rc6 25.c3 Qh4 26.Nf1 Qd8 27.Nd2 Qa5 28.Qa7 Qc5 29.Qxc5 dxc5  1/2-1/2

[Event "ch-AUT"]
[Site "Tweng AUT"]
[Date "2007.08.09"]
[Round "6"]
[White "Ragger,M"]
[Black "Sommerbauer,N"]
[Result "1/2-1/2"]
[WhiteElo "2529"]
[BlackElo "2462"]

1.e4 c5 2.Nf3 e6 3.d4 cxd4 4.Nxd4 a6 5.Bd3 g6 6.O-O Bg7 7.Be3 Ne7 8.Nc3 d5
9.exd5 Nxd5 10.Nxd5 Qxd5 11.Be2 O-O 12.Bf3 Qc4 13.c3 Nd7 14.Qb3 Qc7 15.Rfd1  1/2-1/2

[Event "Open"]
[Site "Kavala GRE"]
[Date "2007.08.10"]
[Round "7"]
[White "Mastrovasilis,D"]
[Black "Nikolov,M"]
[Result "1/2-1/2"]
[WhiteElo "2541"]
[BlackElo "2474"]

1.e4 c5 2.Nf3 e6 3.d4 cxd4 4.Nxd4 a6 5.Bd3 Nf6 6.O-O Qc7 7.Qe2 d6 8.c4 g6
9.Nc3 Bg7 10.Nf3 O-O 11.Bf4 Nc6 12.Rac1 e5 13.Bd2 Bg4 14.Qe3 Rae8 15.h3 Bxf3
16.Qxf3 Nd7 17.Qd1 f5 18.Nd5 Qd8 19.b4 Qh4 20.c5 dxc5 21.bxc5 Kh8 22.Qa4 Nf6
23.Nxf6 Rxf6 24.Bc3 Rd8 25.Bc2 Nd4 26.Bxd4 exd4 27.exf5 gxf5 28.Rfe1 f4 29.Re8+ Rf8
30.Rxd8 Qxd8 31.Bd3 f3 32.g3 Be5 33.Kh2 Qg5 34.Rc2 Qg7 35.Rc1 h5 36.Re1 h4
37.Rxe5 hxg3+ 38.fxg3 Qxe5 39.Qd7 Qg7 40.Qd5 Qh6 41.Qe5+ Rf6 42.Qe8+ Qf8
43.Qh5+ Qh6 44.Qe8+  1/2-1/2

[Event "XVIII Kochan Mem"]
[Site "Koszalin POL"]
[Date "2007.08.10"]
[Round "6"]
[White "Piorun,K"]
[Black "Kozak,Ma"]
[Result "1-0"]
[WhiteElo "2359"]
[BlackElo "2188"]

1.e4 c5 2.Nf3 e6 3.d4 cxd4 4.Nxd4 a6 5.Bd3 Nf6 6.O-O Qc7 7.Qe2 d6 8.c4 g6
9.Nc3 Bg7 10.Rd1 O-O 11.Nf3 Nc6 12.h3 Nd7 13.Bf4 Nde5 14.Rac1 b6 15.Be3 Nxf3+
16.Qxf3 Nd4 17.Qg3 Bb7 18.Bb1 e5 19.Bxd4 exd4 20.Nd5 Qd8 21.Qb3 Bxd5 22.cxd5 b5
23.Rc6 Be5 24.g3 h5 25.f4 Bg7 26.Kg2 h4 27.Qb4 hxg3 28.Qxd6 Qh4 29.Rf1 Rac8
30.Bd3 Rcd8 31.Qc7 Rde8 32.d6 g5 33.d7 g4 34.Rh1 Rd8 35.Qd6 Ra8 36.hxg4 Qxg4
37.Rh3 Qe6 38.Rxg3 Qxd6 39.Rxd6 Rfd8 40.f5 f6 41.e5  1-0